[Event "Bymesterskapet i Tromsø 2025"]
[Site "Tromsø Sjakklubb"]
[Date "2025.02.06"]
[Round "1"]
[White "Gulljord, Birk"]
[Black "Solbu, August"]
[Result "1-0"]
[WhiteElo "1854"]
[BlackElo "1917"]
[PlyCount "63"]
[EventDate "2025.??.??"]

1. d4 d5 2. c4 e6 3. Nf3 Nf6 4. g3 Be7 5. Bg2 O-O 6. O-O dxc4 7. Qc2 a6 8. a4
Bd7 9. Qxc4 Bc6 10. Bf4 Nd5 11. Bd2 Nd7 12. Qc2 Rc8 13. Rd1 Nb4 14. Bxb4 Bxb4
15. e4 Nf6 16. Ne5 Bd7 17. Nc3 Qe7 18. d5 c6 19. d6 Qd8 20. Qb3 a5 21. Rac1 b5
22. Nd3 Bxc3 23. Qxc3 Qb6 24. Qc5 Rb8 25. Qxb6 Rxb6 26. Nc5 Rd8 27. axb5 cxb5
28. e5 Ne8 29. Nxd7 Rxd7 30. Rc8 Kf8 31. Bc6 Ra7 32. Rxe8# 1-0

[Event "Bymesterskapet i Tromsø 2025"]
[Site "Tromsø Sjakklubb"]
[Date "2025.02.06"]
[Round "1"]
[White "Røyset, Pål"]
[Black "Mikalsen, Bengt A."]
[Result "1-0"]
[WhiteElo "2092"]
[BlackElo "1822"]
[PlyCount "86"]
[EventDate "2025.??.??"]

1. e4 e5 2. Nf3 Nf6 3. Nxe5 d6 4. Nf3 Nxe4 5. d4 d5 6. Bd3 Nf6 7. O-O Be7 8.
Nbd2 Bg4 9. h3 Bh5 10. Re1 O-O 11. c3 Nbd7 12. Qb3 Rb8 13. Nh4 Re8 14. Ndf3 c5
15. dxc5 Nxc5 16. Qc2 Nxd3 17. Qxd3 Ne4 18. Nf5 Bc5 19. Be3 Bxf3 20. Bxc5 Bxg2
21. Qd4 Qg5 22. Qxg7+ Qxg7 23. Nxg7 Kxg7 24. Bd4+ Kg6 25. Kxg2 b6 26. Rad1 Red8
27. f3 Nc5 28. Kf2 f6 29. Re7 a5 30. Rg1+ Kf5 31. Rxh7 Nd3+ 32. Ke3 Nxb2 33.
Rh5+ Ke6 34. Rg6 Rf8 35. Rhh6 Nc4+ 36. Kf4 b5 37. Rxf6+ Rxf6+ 38. Rxf6+ Ke7 39.
Kf5 Rc8 40. h4 b4 41. cxb4 axb4 42. Re6+ Kd7 43. h5 Rg8 1-0

[Event "Bymesterskapet i Tromsø 2025"]
[Site "Tromsø Sjakklubb"]
[Date "2025.02.06"]
[Round "1"]
[White "Halvorsen, Benjamin"]
[Black "Andreassen, Erik Th."]
[Result "1-0"]
[WhiteElo "1916"]
[BlackElo "1809"]
[PlyCount "145"]
[EventDate "2025.??.??"]

1. e4 c5 2. Nf3 Nc6 3. Bb5 e6 4. O-O Nge7 5. Re1 a6 6. Bf1 b5 7. c3 d5 8. exd5
Qxd5 9. d4 cxd4 10. cxd4 b4 11. Bd3 f5 12. Bc2 Na5 13. Ba4+ Nac6 14. Ne5 Bb7
15. Bb3 Qxd4 16. Bxe6 Qxd1 17. Bf7+ Kd8 18. Rxd1+ Kc7 19. Nd7 Nc8 20. Nxf8 Rxf8
21. Bf4+ Kb6 22. Rd7 Nd4 23. Rxd4 Rxf7 24. Rxb4+ Kc6 25. Na3 a5 26. Rc1+ Kd5
27. Rb5+ Ke6 28. Re1+ Kf6 29. Ree5 Nd6 30. Rb6 Rd7 31. Reb5 Rad8 32. h4 Kf7 33.
Bxd6 Be4 34. Bf4 Rd1+ 35. Kh2 Rf1 36. Be3 f4 37. Re5 fxe3 38. Rxe4 exf2 39.
Rf4+ Kg8 40. Kg3 g5 41. hxg5 Rd5 42. Rb5 Rd2 43. Rbf5 Rxb2 44. Rxf2 Rfxf2 45.
Rxf2 Rb4 46. Nc2 Rb5 47. Kg4 Rb2 48. Rd2 Rxa2 49. Rd8+ Kf7 50. Ne3 Re2 51. Kf3
Rb2 52. Rd5 a4 53. Ra5 Ra2 54. Nc4 Kg6 55. Nb6 Ra3+ 56. Kg4 Ra2 57. g3 Rb2 58.
Nxa4 Rb4+ 59. Kh3 Rb1 60. Nc3 Rb4 61. Ne2 Re4 62. Nf4+ Kg7 63. Ra7+ Kg8 64. Kg4
Rb4 65. Kh5 Rb1 66. Kh6 Rh1+ 67. Nh5 Rh2 68. Rg7+ Kf8 69. Rxh7 Kg8 70. Ra7 Rb2
71. Kg6 Kf8 72. Nf6 Rg2 73. Rf7# 1-0

[Event "Bymesterskapet i Tromsø 2025"]
[Site "Tromsø Sjakklubb"]
[Date "2025.02.06"]
[Round "1"]
[White "Sørensen, Olav N."]
[Black "Remman, Frank"]
[Result "0-1"]
[WhiteElo "1713"]
[BlackElo "1870"]
[PlyCount "122"]
[EventDate "2025.??.??"]

1. e4 c5 2. Nc3 e6 3. d4 cxd4 4. Qxd4 Nc6 5. Qe3 a6 6. Bd2 b5 7. O-O-O Nge7 8.
f4 f5 9. e5 Bb7 10. Nf3 b4 11. Na4 Nd5 12. Qg1 Qa5 13. b3 Nc3 14. Bxc3 bxc3 15.
Qb6 Qxb6 16. Nxb6 Rd8 17. Na4 Bb4 18. Rd3 Ne7 19. Nxc3 Rc8 20. Kb2 Bxc3+ 21.
Rxc3 Rxc3 22. Kxc3 Nd5+ 23. Kd4 Nxf4 24. c4 Ke7 25. h4 h5 26. Ke3 Ng6 27. Kd4
Rf8 28. Be2 d6 29. exd6+ Kxd6 30. c5+ Kc7 31. Ng5 e5+ 32. Kc3 Rf6 33. Bxh5 Bxg2
34. Rh2 Nf4 35. Bf3 Bxf3 36. Nxf3 Nd5+ 37. Kc4 Ne3+ 38. Kb4 Ng4 39. Rg2 Kc6 40.
Rd2 a5+ 41. Kxa5 Kxc5 42. b4+ Kc4 43. b5 e4 44. Rc2+ Kd5 45. Ne1 Ne3 46. Rc1
Nc4+ 47. Kb4 Nb6 48. a4 f4 49. a5 f3 50. Rd1+ Ke5 51. Nc2 Nd5+ 52. Rxd5+ Kxd5
53. a6 f2 54. a7 Rf8 55. Ne3+ Kd6 56. Nf1 Ra8 57. b6 Kc6 58. Ka5 Kb7 59. Kb5
Re8 60. a8=Q+ Rxa8 61. Kc4 Ra1 0-1

[Event "Bymesterskapet i Tromsø 2025"]
[Site "Tromsø Sjakklubb"]
[Date "2025.02.13"]
[Round "2"]
[White "Remman, Frank"]
[Black "Gulljord, Birk"]
[Result "0-1"]
[WhiteElo "1870"]
[BlackElo "1854"]
[PlyCount "182"]
[EventDate "2025.??.??"]

1. d4 Nf6 2. c4 e6 3. g3 d5 4. Bg2 dxc4 5. Nf3 Nc6 6. O-O a6 7. a4 Bd7 8. Na3
Bxa3 9. Rxa3 Rb8 10. a5 Na7 11. Ne5 Nb5 12. Ra1 Nd6 13. Nxd7 Qxd7 14. e4 Nb5
15. d5 O-O 16. Bg5 c3 17. Bxf6 gxf6 18. Qg4+ Kh8 19. bxc3 Rg8 20. Qf3 Qe7 21.
Rfe1 Rg6 22. e5 f5 23. c4 Nd4 24. Qd3 c5 25. dxc6 Nxc6 26. Qc3 Qc5 27. Bxc6
Qxc6 28. Red1 Rg4 29. f4 Rc8 30. Rac1 Rgg8 31. c5 h5 32. Rd6 Qe4 33. Rd4 Qe2
34. Rc2 Qg4 35. Kg2 h4 36. Qf3 hxg3 37. Qxg4 Rxg4 38. hxg3 Rc7 39. Rd6 Rg8 40.
Rd3 Rgc8 41. Rdc3 Kg7 42. Kf3 Kf8 43. g4 fxg4+ 44. Kxg4 Ke7 45. f5 Rg8+ 46. Kf4
exf5 47. Kxf5 Rgc8 48. Rb3 Rh8 49. Rb6 Rh5+ 50. Ke4 Rh4+ 51. Kd5 Rd7+ 52. Rd6
Ra4 53. Rb2 Rc7 54. Rdb6 Rxa5 55. Rxb7 Raxc5+ 56. Ke4 R5c6 57. R2b6 Rxb6 58.
Rxc7+ Ke6 59. Ra7 Rb4+ 60. Kd3 Ra4 61. Ke3 Ra3+ 62. Kd4 Ra5 63. Rb7 Rd5+ 64.
Kc4 Rb5 65. Ra7 Ra5 66. Rb7 Ra4+ 67. Kb3 Ra1 68. Kb2 Ra5 69. Kc3 Rb5 70. Ra7 a5
71. Kd4 Rd5+ 72. Kc4 Rxe5 73. Kd4 Rd5+ 74. Ke4 f5+ 75. Ke3 Rb5 76. Ra8 Rb3+ 77.
Kf4 Rb4+ 78. Kf3 a4 79. Ra6+ Ke5 80. Ra5+ Kf6 81. Ke3 Kg5 82. Kd3 Kg4 83. Kc3
Rf4 84. Kd2 Rf2+ 85. Ke1 Ra2 86. Ra8 f4 87. Rg8+ Kf3 88. Kd1 a3 89. Kc1 Rg2 90.
Ra8 a2 91. Ra3+ Kg4 0-1

[Event "Bymesterskapet i Tromsø 2025"]
[Site "Tromsø Sjakklubb"]
[Date "2025.02.21"]
[Round "3"]
[White "Solbu, August"]
[Black "Remman, Frank"]
[Result "1-0"]
[WhiteElo "1917"]
[BlackElo "1870"]
[PlyCount "113"]
[EventDate "2025.??.??"]

1. e4 c5 2. Nf3 e6 3. Nc3 a6 4. d4 cxd4 5. Nxd4 Qc7 6. a3 Nc6 7. Be3 Nf6 8. Qd2
b5 9. f3 b4 10. axb4 Bxb4 11. Nxc6 dxc6 12. Bc4 O-O 13. O-O a5 14. Qf2 Nd7 15.
Rad1 Ba6 16. Bxa6 Rxa6 17. f4 Bxc3 18. bxc3 Nf6 19. Qf3 a4 20. Bc5 Rd8 21.
Rxd8+ Qxd8 22. Rd1 Qa5 23. Ba3 Ra8 24. g4 Rd8 25. Rxd8+ Qxd8 26. g5 Ne8 27. Qd3
Qc7 28. e5 g6 29. Qd4 Qb8 30. Qb4 Qxb4 31. cxb4 Ng7 32. Kf2 Nf5 33. Ke2 Nd4+
34. Kd3 Nb5 35. Bc1 Kf8 36. c4 Nc7 37. Kd4 Ke8 38. Ba3 Kd7 39. Kc5 Na8 40. b5
cxb5 41. cxb5 Kc7 42. Bb4 Kb7 43. Kd6 Nb6 44. h4 Nd5 45. Ba3 Nxf4 46. Ke7 Ng2
47. Kxf7 Nxh4 48. Kxe6 Nf5 49. Kd7 h6 50. gxh6 Nxh6 51. Ke6 Kb6 52. Ke7 Kxb5
53. e6 Kc6 54. Kf6 Ng4+ 55. Kxg6 Ne3 56. e7 Kd7 57. Kf7 1-0

[Event "Bymesterskapet i Tromsø 2025"]
[Site "Tromsø Sjakklubb"]
[Date "2025.02.21"]
[Round "3"]
[White "Halvorsen, Benjamin"]
[Black "Gulljord, Birk"]
[Result "1-0"]
[WhiteElo "1916"]
[BlackElo "1854"]
[PlyCount "127"]
[EventDate "2025.??.??"]

1. e4 c6 2. d4 d5 3. Nc3 dxe4 4. Nxe4 Nf6 5. Nxf6+ exf6 6. c3 Bd6 7. Bd3 O-O 8.
Qc2 Re8+ 9. Be3 h6 10. Ne2 Nd7 11. O-O Nf8 12. Ng3 Ne6 13. Nf5 Nf4 14. Nxd6
Qxd6 15. Bh7+ Kh8 16. Be4 Bg4 17. f3 Be6 18. Qd2 Ng6 19. Bxg6 fxg6 20. Bxh6 Bc4
21. Bf4 Qd7 22. Rf2 Re7 23. b3 Bf7 24. Re1 Rae8 25. Rfe2 Rxe2 26. Rxe2 Rxe2 27.
Qxe2 Qe6 28. Kf2 Qxe2+ 29. Kxe2 a5 30. c4 a4 31. Kd3 b5 32. Kc3 axb3 33. axb3
bxc4 34. bxc4 Kg8 35. Kb4 Kf8 36. Kc5 Ke7 37. Bd6+ Kd7 38. Bf8 f5 39. Bxg7 g5
40. g4 fxg4 41. fxg4 Bg6 42. Bf6 Be4 43. Bxg5 Bf3 44. h3 Bg2 45. h4 Bf3 46. h5
Bxg4 47. h6 Bf5 48. Bf6 Be4 49. Be5 Bh7 50. d5 cxd5 51. Kxd5 Bg8+ 52. Kc5 Ke6
53. Bf4 Kf5 54. Bc1 Kf6 55. Kb5 Bh7 56. c5 Ke7 57. c6 Kd8 58. Bf4 Kc8 59. Kc5
Kd8 60. c7+ Kd7 61. Kd5 Bg6 62. Ke5 Bc2 63. Kf6 Be4 64. Kg7 1-0

[Event "Bymesterskapet i Tromsø 2025"]
[Site "Tromsø Sjakklubb"]
[Date "2025.02.21"]
[Round "3"]
[White "Andreassen, Erik Th."]
[Black "Sørensen, Olav N."]
[Result "1-0"]
[WhiteElo "1809"]
[BlackElo "1713"]
[PlyCount "71"]
[EventDate "2025.??.??"]

1. e4 e5 2. Nf3 Nc6 3. Bc4 Bc5 4. c3 Nf6 5. d3 h6 6. b4 Bb6 7. b5 d5 8. exd5
Na5 9. Nxe5 Qe7 10. Qe2 Bxf2+ 11. Kxf2 Ng4+ 12. Nxg4 Qxe2+ 13. Kxe2 Bxg4+ 14.
Kf2 O-O 15. Re1 Rae8 16. Rxe8 Rxe8 17. Be3 b6 18. Nd2 Nb7 19. Re1 Nd6 20. Bf4
Rxe1 21. Kxe1 Kf8 22. Bxd6+ cxd6 23. Nf3 g6 24. Nd4 Ke7 25. Nc6+ Kf6 26. Nxa7
Ke5 27. a4 f5 28. a5 Kf4 29. axb6 Kg5 30. b7 Kh4 31. b8=Q g5 32. Qxd6 f4 33.
Qxh6+ Bh5 34. g3+ Kg4 35. Qe6+ Kf3 36. Qe2# 1-0

[Event "Bymesterskapet i Tromsø 2025"]
[Site "Tromsø Sjakklubb"]
[Date "2025.02.21"]
[Round "3"]
[White "Tørfoss, Sivert S"]
[Black "Røyset, Pål"]
[Result "1/2-1/2"]
[WhiteElo "2107"]
[BlackElo "2092"]
[PlyCount "120"]
[EventDate "2025.??.??"]

1. Nf3 d5 2. g3 c6 3. Bg2 Bg4 4. d4 Nd7 5. c4 e6 6. h3 Bh5 7. cxd5 exd5 8. Qb3
Qb6 9. Qe3+ Ne7 10. O-O O-O-O 11. Nc3 Nf5 12. Qd3 Bg6 13. Qd1 Bd6 14. a3 Nf6
15. Na4 Qc7 16. b4 Ne4 17. b5 cxb5 18. Bg5 Qa5 19. Bxd8 Rxd8 20. Nc5 Nxc5 21.
dxc5 Bxc5 22. Rc1 Qxa3 23. Qd3 Kb8 24. Rc3 Nxg3 25. Rxa3 Bxd3 26. Rxd3 Nxe2+
27. Kh1 Nf4 28. Rc3 Bb6 29. Ng5 f6 30. Nf3 b4 31. Rb3 a5 32. Rd1 d4 33. Rb2 g5
34. Ne1 Re8 35. Bf3 Nxh3 36. Nd3 h5 37. Bg2 g4 38. Bxh3 gxh3 39. Kh2 Kc7 40.
Kxh3 Kc6 41. Rdb1 Re7 42. Kh4 Rh7 43. Nf4 Kb5 44. Nd3 Bd8 45. Nxb4 f5+ 46. Kh3
axb4 47. Rxb4+ Kc5 48. Rb5+ Kc4 49. R1b4+ Kc3 50. Rb3+ Kc2 51. Rb2+ Kc3 52.
R2b3+ Kc2 53. Rb2+ Kc3 54. R2b3+ Kc2 55. Rb2+ Kc3 56. R2b3+ Kc2 57. Rb2+ Kc3
58. R2b3+ Kc2 59. Rb2+ Kc3 60. R2b3+ Kc2 1/2-1/2

[Event "Bymesterskapet i Tromsø 2025"]
[Site "Tromsø Sjakklubb"]
[Date "2025.02.22"]
[Round "4"]
[White "Gulljord, Birk"]
[Black "Tørfoss, Sivert S."]
[Result "0-1"]
[WhiteElo "1854"]
[BlackElo "2107"]
[PlyCount "68"]
[EventDate "2025.??.??"]

1. d4 Nf6 2. c4 e6 3. Nf3 d5 4. g3 Bd6 5. Bg2 O-O 6. O-O Nc6 7. Nc3 dxc4 8. e4
e5 9. d5 Na5 10. Qa4 b6 11. Bg5 h6 12. Bxf6 Qxf6 13. Nd2 Rd8 14. Qc2 Bd7 15.
Nd1 Bb5 16. Qc3 Qe7 17. a3 Bc5 18. Re1 Bd4 19. Qf3 Rd6 20. Ne3 g6 21. Qg4 h5
22. Qe2 Rf6 23. Nf3 Nb3 24. d6 Rxd6 25. Nd5 Qd7 26. Ng5 Nxa1 27. Qf3 Nc2 28.
Re2 c3 29. Rxc2 cxb2 30. Qb3 Ba4 31. Qa2 Bxc2 32. Bh3 b1=Q+ 33. Qxb1 Bxb1 34.
Bxd7 Rxd7 0-1

[Event "Bymesterskapet i Tromsø 2025"]
[Site "Tromsø Sjakklubb"]
[Date "2025.02.22"]
[Round "4"]
[White "Remman, Frank"]
[Black "Andreassen, Erik Th."]
[Result "0-1"]
[WhiteElo "1870"]
[BlackElo "1809"]
[PlyCount "90"]
[EventDate "2025.??.??"]

1. d4 d5 2. g3 Nf6 3. Bg2 e6 4. c4 c6 5. Nf3 Nbd7 6. Qc2 h6 7. O-O Be7 8. b3 b6
9. Bb2 O-O 10. Rd1 Bb7 11. Nc3 Rc8 12. e4 Qc7 13. Rac1 dxe4 14. Nxe4 c5 15.
Nxf6+ Bxf6 16. dxc5 bxc5 17. h4 Rfd8 18. Rd2 Bxb2 19. Qxb2 Bxf3 20. Bxf3 Qe5
21. Qc2 Qf6 22. Bb7 Ne5 23. Rcd1 Rxd2 24. Qxd2 Rc7 25. Qd8+ Qxd8 26. Rxd8+ Kh7
27. Bg2 Rd7 28. Rc8 Rd1+ 29. Bf1 Nd3 30. Kg2 Ne1+ 31. Kh3 Rd2 32. Bg2 Rxf2 33.
Bh1 Rxa2 34. Rxc5 Rb2 35. Re5 Nc2 36. Re2 f5 37. c5 Rb1 38. c6 Rxh1+ 39. Kg2
Rc1 40. Rxe6 Nd4 41. Re7 Nxc6 42. Rc7 Rc2+ 43. Kf1 a5 44. h5 Nd4 45. Ra7 Nxb3
0-1

[Event "Bymesterskapet i Tromsø 2025"]
[Site "Tromsø Sjakklubb"]
[Date "2025.02.22"]
[Round "4"]
[White "Røyset, På."]
[Black "Halvorsen, Benjamin"]
[Result "0-1"]
[WhiteElo "2092"]
[BlackElo "1916"]
[PlyCount "115"]
[EventDate "2025.??.??"]

1. e4 d5 2. exd5 Qxd5 3. Nc3 Qa5 4. Nf3 Nf6 5. Bc4 Bg4 6. h3 Bh5 7. g4 Bg6 8.
d3 c6 9. Qe2 e6 10. Nd4 Bb4 11. Bd2 Nbd7 12. a3 Bxc3 13. Bxc3 Qc7 14. Nf5 Bxf5
15. gxf5 e5 16. Rg1 g6 17. O-O-O Nd5 18. Bxd5 cxd5 19. f4 f6 20. fxe5 fxe5 21.
fxg6 hxg6 22. Rxg6 O-O-O 23. Qg4 Kb8 24. Rg7 d4 25. Bb4 Qc6 26. Rg6 Qb5 27.
Bd6+ Ka8 28. Rg1 Rc8 29. Kb1 Nb6 30. Rg8 Rhxg8 31. Qxg8 Qc6 32. Bxe5 Qxc2+ 33.
Ka1 Rxg8 34. Rxg8+ Nc8 35. h4 b6 36. Bxd4 Kb7 37. Rg7+ Ka6 38. Be5 Qxd3 39. Bg3
Nd6 40. Bxd6 Qxd6 41. Rg5 Qf4 42. Rg1 Qxh4 43. Rc1 Qf4 44. Rc3 Kb7 45. Ka2 a5
46. Kb1 b5 47. Kc2 b4 48. axb4 axb4 49. Rd3 Qc4+ 50. Kd2 Kb6 51. b3 Qg8 52. Ke3
Kc5 53. Ke4 Qg2+ 54. Kf4 Qe2 55. Re3 Qd2 56. Ke4 Qd5+ 57. Kf4 Kd4 58. Rh3 0-1

[Event "Bymesterskapet i Tromsø 2025"]
[Site "Tromsø Sjakklubb"]
[Date "2025.02.22"]
[Round "4"]
[White "Sørensen, Olav N."]
[Black "Mikalsen, Bengt A."]
[Result "0-1"]
[WhiteElo "1713"]
[BlackElo "1822"]
[PlyCount "50"]
[EventDate "2025.??.??"]

1. e4 e5 2. d4 exd4 3. Nf3 Nc6 4. Bc4 Be7 5. c3 Na5 6. Bb3 Nxb3 7. Qxb3 d5 8.
exd5 dxc3 9. Nxc3 Nf6 10. Qb5+ Qd7 11. Bf4 c6 12. dxc6 bxc6 13. Qc4 Qe6+ 14.
Qxe6 Bxe6 15. Ne5 Rc8 16. O-O Nd5 17. Nxd5 Bxd5 18. Rfe1 f6 19. Nxc6 Rxc6 20.
Rad1 Re6 21. Be3 Bb4 22. Re2 Bxa2 23. Ra1 Bb3 24. Rxa7 O-O 25. Ra1 Rd8 0-1

[Event "Bymesterskapet i Tromsø 2025"]
[Site "Tromsø Sjakklubb"]
[Date "2025.02.22"]
[Round "5"]
[White "Andreassen, Erik Th."]
[Black "Solbu, August"]
[Result "0-1"]
[WhiteElo "1809"]
[BlackElo "1917"]
[PlyCount "98"]
[EventDate "2025.??.??"]

1. e4 c5 2. Nc3 g6 3. Nf3 Nc6 4. Bb5 Nd4 5. Nxd4 cxd4 6. Ne2 Bg7 7. d3 Qa5+ 8.
c3 dxc3 9. Nxc3 Bxc3+ 10. bxc3 Qxb5 11. c4 Qa5+ 12. Bd2 Qd8 13. O-O d6 14. f4
Nf6 15. Bc3 Qb6+ 16. Kh1 O-O 17. Qd2 Bd7 18. f5 Qd8 19. Rf3 e5 20. fxe6 fxe6
21. Raf1 e5 22. Qg5 Nxe4 23. Rxf8+ Qxf8 24. Rxf8+ Rxf8 25. Qc1 Nxc3 26. h3 Na4
27. Qg5 Re8 28. Qf6 Be6 29. g4 Nc5 30. Qf3 e4 31. dxe4 Bxc4 32. Qd1 Bd3 33. Kh2
Rxe4 34. a3 d5 35. Qc1 b6 36. Qg5 Re2+ 37. Kg1 Re6 38. Qxd5 Kf7 39. Qa8 Re7 40.
Qf3+ Kg7 41. Qf4 h6 42. a4 Be4 43. a5 Bb7 44. Qb8 g5 45. Qxa7 Re1+ 46. Kf2 Nd3+
47. Kg3 Rg1+ 48. Kh2 Rg2+ 49. Kh1 Nf2# 0-1

[Event "Bymesterskapet i Tromsø 2025"]
[Site "Tromsø Sjakklubb"]
[Date "2025.02.22"]
[Round "5"]
[White "Gulljord, Birk"]
[Black "Røyset, Pål"]
[Result "0-1"]
[WhiteElo "1854"]
[BlackElo "2092"]
[PlyCount "96"]
[EventDate "2025.??.??"]

1. d4 d5 2. c4 c6 3. Nf3 Nf6 4. Qc2 g6 5. Bf4 Bf5 6. Qb3 Qb6 7. e3 Bxb1 8. Qxb6
axb6 9. Bxb8 Be4 10. Bc7 e6 11. Ne5 Bb4+ 12. Kd1 h5 13. f3 Bf5 14. Bxb6 Bd6 15.
cxd5 exd5 16. Bd3 Bxd3 17. Nxd3 Nd7 18. Bc5 Nxc5 19. dxc5 Be7 20. a4 Kd7 21.
Kd2 Rhe8 22. b4 Bg5 23. f4 Bf6 24. Ra2 Re4 25. Rb1 Rae8 26. Ne5+ Bxe5 27. fxe5
R8xe5 28. Ra3 Rg5 29. g3 h4 30. Rf1 hxg3 31. hxg3 f5 32. b5 Rxg3 33. Rh1 Rg2+
34. Ke1 Rb4 35. Kf1 Rc2 36. Rh7+ Ke6 37. Ra1 cxb5 38. Rxb7 Rxa4 39. Rb1 Rh4 40.
Kg1 Rg4+ 41. Kf1 Rxc5 42. Kf2 Rc2+ 43. Kf1 b4 44. Ra1 Rgc4 45. Ra6+ Rc6 46.
Raa7 Rh2 47. Kg1 Rb2 48. Ra1 b3 0-1

[Event "Bymesterskapet i Tromsø 2025"]
[Site "Tromsø Sjakklubb"]
[Date "2025.02.22"]
[Round "5"]
[White "Halvorsen, Benjamin"]
[Black "Tørfoss, Sivert S."]
[Result "1/2-1/2"]
[WhiteElo "1916"]
[BlackElo "2107"]
[PlyCount "68"]
[EventDate "2025.??.??"]

1. e4 e5 2. Nf3 Nc6 3. Bc4 Bc5 4. c3 Nf6 5. d3 O-O 6. a4 d5 7. exd5 Nxd5 8. b4
Be7 9. O-O Bf5 10. Re1 Bf6 11. Ba3 Nb6 12. b5 Ne7 13. Nxe5 Nxc4 14. Nxc4 Qxd3
15. Qxd3 Bxd3 16. Bxe7 Rfe8 17. Ne5 Bxb1 18. Bxf6 gxf6 19. Raxb1 fxe5 20. Rbd1
Rad8 21. c4 f6 22. g3 Kf7 23. Kg2 Ke6 24. Kf3 a6 25. Ke3 axb5 26. cxb5 Ra8 27.
Ra1 c6 28. bxc6 bxc6 29. Rec1 Ra6 30. Rc4 Rd8 31. Rac1 c5 32. Rxc5 Rxa4 33. Rc7
Ra3+ 34. R1c3 Rxc3+ 1/2-1/2

[Event "Bymesterskapet i Tromsø 2025"]
[Site "Tromsø Sjakklubb"]
[Date "2025.02.22"]
[Round "5"]
[White "Mikalsen, Bengt A."]
[Black "Remman, Frank"]
[Result "0-1"]
[WhiteElo "1822"]
[BlackElo "1870"]
[PlyCount "84"]
[EventDate "2025.??.??"]

1. e4 c5 2. Nf3 e6 3. d4 cxd4 4. Nxd4 a6 5. Be2 Qc7 6. O-O Nf6 7. Nd2 Bd6 8. h3
Bf4 9. Bd3 Nc6 10. Nxc6 bxc6 11. Qe2 O-O 12. g3 Bh6 13. e5 Nd5 14. Nc4 Bxc1 15.
Raxc1 Rb8 16. c3 a5 17. b3 Ba6 18. Nd6 Bxd3 19. Qxd3 f6 20. f4 fxe5 21. fxe5
Qb6+ 22. Kh2 Rf2+ 23. Kh1 Rbf8 24. Rg1 Rxa2 25. Rc2 Qxb3 26. Rxa2 Qxa2 27. Ne4
Qa3 28. Qd2 Qa4 29. Qd3 Nb6 30. Nd6 Qb3 31. Rb1 Qd5+ 32. Qxd5 Nxd5 33. c4 Nb4
34. Ra1 Ra8 35. Ra3 a4 36. Ne4 Nc2 37. Ra2 a3 38. Nc3 Nb4 39. Ra1 Nd3 40. Nb1
a2 41. Nc3 Nxe5 42. Nxa2 Nxc4 0-1

[Event "Bymesterskapet i Tromsø 2025"]
[Site "Tromsø Sjakklubb"]
[Date "2025.02.23"]
[Round "6"]
[White "Solbu, August"]
[Black "Halvorsen, Benjamin"]
[Result "1/2-1/2"]
[WhiteElo "1917"]
[BlackElo "1916"]
[PlyCount "43"]
[EventDate "2025.??.??"]

1. e4 e6 2. d4 d5 3. exd5 exd5 4. c4 Nf6 5. Nc3 Bb4 6. Nf3 O-O 7. Bd3 Re8+ 8.
Be3 Ng4 9. O-O Bxc3 10. bxc3 Rxe3 11. fxe3 Nxe3 12. Qe2 Nxf1 13. Rxf1 Be6 14.
cxd5 Bxd5 15. c4 Bxf3 16. Qxf3 Qxd4+ 17. Kh1 Nd7 18. Bxh7+ Kxh7 19. Qh5+ Kg8
20. Qxf7+ Kh8 21. Qh5+ Kg8 22. Qf7+ 1/2-1/2

[Event "Bymesterskapet i Tromsø 2025"]
[Site "Tromsø Sjakklubb"]
[Date "2025.02.23"]
[Round "6"]
[White "Mikalsen, Bengt A."]
[Black "Gulljord, Birk"]
[Result "0-1"]
[WhiteElo "1822"]
[BlackElo "1854"]
[PlyCount "68"]
[EventDate "2025.??.??"]

1. e4 d6 2. d4 Nf6 3. Nc3 g6 4. Be2 Bg7 5. Be3 c6 6. Qd2 O-O 7. Bh6 Nbd7 8.
Bxg7 Kxg7 9. f4 b5 10. e5 Ng8 11. Nf3 Nb6 12. O-O Nh6 13. Ne4 Nd5 14. c4 bxc4
15. Bxc4 Nf5 16. Rfe1 Rb8 17. Kh1 Qb6 18. b3 Qb4 19. Qf2 Nxf4 20. a3 Qb6 21.
exd6 exd6 22. Nh4 Nh5 23. Nxf5+ Bxf5 24. Nxd6 Be6 25. Qe3 Bxc4 26. bxc4 Qd8 27.
c5 Kg8 28. Qf3 Qh4 29. Re4 Qf6 30. Qe3 Ng7 31. Re5 Rb2 32. Kg1 Rfb8 33. Re1 Ne6
34. Ne4 Qh4 0-1

[Event "Bymesterskapet i Tromsø 2025"]
[Site "Tromsø Sjakklubb"]
[Date "2025.02.23"]
[Round "6"]
[White "Tørfoss, Sivert S."]
[Black "Andreassen, Erik Th."]
[Result "1-0"]
[WhiteElo "2107"]
[BlackElo "1809"]
[PlyCount "77"]
[EventDate "2025.??.??"]

1. Nf3 d5 2. d4 Nf6 3. g3 Bg4 4. Bg2 e6 5. c4 c6 6. h3 Bh5 7. Nc3 Nbd7 8. Qb3
Qb6 9. c5 Qxb3 10. axb3 Bg6 11. b4 Be7 12. b5 O-O 13. bxc6 bxc6 14. O-O Ne4 15.
Bf4 Nxc3 16. bxc3 a6 17. c4 Be4 18. cxd5 exd5 19. Nd2 Bxg2 20. Kxg2 g5 21. Bc7
Rfc8 22. Ba5 Bf6 23. e3 Bd8 24. Bxd8 Rxd8 25. Rfb1 a5 26. Ra4 f5 27. Rba1 Nf6
28. Rxa5 Rxa5 29. Rxa5 Rb8 30. Ra6 Rb2 31. Rxc6 Kf7 32. Nf3 Ne4 33. Ne5+ Ke8
34. Re6+ Kd8 35. Nf7+ Kd7 36. Rxe4 fxe4 37. Nxg5 h5 38. h4 Ke7 39. Nh3 1-0

[Event "Bymesterskapet i Tromsø 2025"]
[Site "Tromsø Sjakklubb"]
[Date "2025.02.23"]
[Round "6"]
[White "Røyset, Pål"]
[Black "Sørensen, Olav N."]
[Result "1-0"]
[WhiteElo "2092"]
[BlackElo "1713"]
[PlyCount "85"]
[EventDate "2025.??.??"]

1. d4 Nf6 2. Bg5 d5 3. Bxf6 exf6 4. e3 c5 5. dxc5 Bxc5 6. c3 O-O 7. Nd2 Bf5 8.
Ngf3 Nc6 9. Nb3 Bb6 10. Be2 Rc8 11. Nfd4 Bxd4 12. Nxd4 Nxd4 13. Qxd4 Qa5 14.
O-O Rfe8 15. Rfd1 Rcd8 16. a3 Re4 17. Qd2 Qb6 18. c4 Re5 19. Qb4 Qc6 20. Rd4
Rc8 21. Bf3 Be4 22. Bxe4 Rxe4 23. Rxe4 dxe4 24. Rd1 g6 25. h3 f5 26. b3 a6 27.
a4 Rb8 28. Rd5 Rc8 29. Qe7 Re8 30. Rd8 Rxd8 31. Qxd8+ Kg7 32. Qd4+ Kg8 33. a5
h5 34. g3 Kf8 35. Kg2 Ke7 36. b4 Kf8 37. Qh8+ Ke7 38. Qe5+ Kf8 39. b5 Qxc4 40.
Qb8+ Kg7 41. Qxb7 Qe2 42. Qd5 Qd3 43. Qxd3 1-0

[Event "Bymesterskapet i Tromsø 2025"]
[Site "Tromsø Sjakklubb"]
[Date "2025.02.23"]
[Round "7"]
[White "Solbu, August"]
[Black "Tørfoss, Sivert S."]
[Result "0-1"]
[WhiteElo "1917"]
[BlackElo "2107"]
[PlyCount "70"]
[EventDate "2025.??.??"]

1. e4 e5 2. Nf3 Nc6 3. d4 exd4 4. Bc4 Bc5 5. c3 Nf6 6. e5 d5 7. Bb5 Ne4 8. cxd4
Bb6 9. O-O O-O 10. Nc3 Bg4 11. Bxc6 bxc6 12. Re1 f5 13. exf6 Nxf6 14. Qd3 Bxf3
15. gxf3 Qd7 16. b4 Qh3 17. Bf4 Nh5 18. Bg3 Nf4 19. Qf1 Bxd4 20. Rac1 Qxf1+ 21.
Rxf1 Nd3 22. Rcd1 Bxc3 23. Rxd3 Bxb4 24. Rc1 Rf6 25. Rb3 Ba5 26. Rb7 Bb6 27. a4
Rxf3 28. Bxc7 Rf7 29. Rxc6 Raf8 30. a5 Bxf2+ 31. Kh1 Be3 32. Rb8 Rxb8 33. Bxb8
Rd7 34. Rd6 Rxd6 35. Bxd6 Kf7 0-1

[Event "Bymesterskapet i Tromsø 2025"]
[Site "Tromsø Sjakklubb"]
[Date "2025.02.23"]
[Round "7"]
[White "Gulljord, Birk"]
[Black "Sørensen, Olav N."]
[Result "1-0"]
[WhiteElo "1854"]
[BlackElo "1713"]
[PlyCount "71"]
[EventDate "2025.??.??"]

1. d4 Nf6 2. c4 e6 3. Nf3 d5 4. g3 dxc4 5. Bg2 Bb4+ 6. Nbd2 b5 7. O-O Bb7 8. a4
c6 9. Qc2 Nbd7 10. e4 Bxd2 11. Bxd2 O-O 12. e5 Nd5 13. Ng5 g6 14. Ne4 Qc7 15.
Bh6 Rfd8 16. Nd6 c5 17. Nxb5 Qb6 18. Nd6 Ba6 19. Bxd5 exd5 20. Qd2 Nf8 21. Qf4
Rxd6 22. exd6 Ne6 23. Qf6 cxd4 24. Rfe1 Qb7 25. Rxe6 fxe6 26. Qxe6+ Qf7 27. Re1
Qxe6 28. Rxe6 Rd8 29. d7 Kf7 30. Rxa6 Rxd7 31. Ra5 Kf6 32. h4 Ke5 33. f3 Rb7
34. Rb5 Rxb5 35. axb5 c3 36. bxc3 1-0

[Event "Bymesterskapet i Tromsø 2025"]
[Site "Tromsø Sjakklubb"]
[Date "2025.02.23"]
[Round "7"]
[White "Andreassen, Erik Th."]
[Black "Mikalsen, Bengt A."]
[Result "1-0"]
[WhiteElo "1809"]
[BlackElo "1822"]
[PlyCount "69"]
[EventDate "2025.??.??"]

1. e4 e5 2. Nf3 Nf6 3. Nc3 Nc6 4. Bc4 Bc5 5. O-O d6 6. h3 Na5 7. Be2 a6 8. d4
exd4 9. Nxd4 h6 10. a3 Nc6 11. Nxc6 bxc6 12. Qd3 O-O 13. Rd1 Qe7 14. Be3 Bxe3
15. Qxe3 Re8 16. Bd3 Rb8 17. Rab1 a5 18. Qa7 Be6 19. e5 dxe5 20. Qxa5 e4 21.
Nxe4 Nd5 22. Qc5 Nf4 23. Qxe7 Rxe7 24. Nc3 Nxd3 25. Rxd3 Bf5 26. Rd2 Rbe8 27.
Kf1 Bc8 28. f3 f5 29. Rbd1 Kf7 30. Kf2 f4 31. Rd8 Bf5 32. Rxe8 Rxe8 33. Rd2 g5
34. Ne2 Re3 35. g3 1-0